| 000 | 00583nam a2200181Ia 4500 | ||
|---|---|---|---|
| 008 | 100921s9999 xx 000 0 und d | ||
| 082 |
_b8369 _a820 थ 37 |
||
| 100 | _aNichols Thomas Low. | ||
| 245 | _aForty Years Of American Life. | ||
| 260 |
_bस्टॅकपोल ब्रदर्स न्यूयॉर्क. _c1937 |
||
| 300 |
_a421 _b--- |
||
| 365 | _b0 | ||
| 520 | _aललित इंग्रजी. | ||
| 630 | _aForty Years Of American Life. | ||
| 650 | _aललित इंग्रजी. | ||
| 730 | _aForty Years Of American Life. | ||
| 942 | _cBOOK | ||
| 999 |
_c757482 _d757479 |
||